LEADER 01048nam a2200217 i 4500 001 000000059207 003 CaOOAMICUS 005 20121203000000.0 008 121203s1902 it u000 u ita u 013 $a30379 040 $aSeMil$bita 100 1 $aBillia, Lorenzo Michelangelo.$0(OLS)http://semarc/name/30224 245 10$aDifendiamo la Famiglia :$bsaggio contro il divorzio e specialmente contro la proposta di introdurlo in Italia /$cper Lorenzo Michelangelo Billia. 250 $aSeconda edizione intieramente riveduta, rifatta ed accresciuta con due appendici. 260 $aMilano :$bL. F. Cogliati,$c1902. 300 $aX, 275 p. ;$c25 cm. 650 4$aDivorzio.$0(OLS)http://semarc/subject/5893 850 $aSeMil 852 $aSeMil$W1$xVenegono$y1$m2J IV 54$j25360$B25360$CSeMilBibl$Z2$F25363 $81 996 $6245$aDifendiamo la Famiglia :$bsaggio contro il divorzio e specialmente contro la proposta di introdurlo in Italia$9(OLS)http://semarc/title/92469 996 $6260$aMilano :$bL. F. Cogliati$9(OLS)http://semarc/publisher/29949 LEADER 01130nam a2200265 i 4500 001 000000061574 003 CaOOAMICUS 005 20140418000000.0 008 140418s1973 it u000 u ita u 013 $a32746 040 $aSeMil$bita 100 1 $aTourn, Giorgio,$d<1930- >.$0(OLS)http://semarc/name/6291 245 14$aUna chiesa in analisi :$bi valdesi di fronte al domani /$cGiorgio Tourn. 260 $aTorino :$bClaudiana,$c1973. 300 $a131 p. ;$c20 cm. 490 0 $aPiccola collana moderna ;$v23. 490 0 $aPiccola collana moderna. Serie sociologica 650 4$aValdesi.$0(OLS)http://semarc/subject/1190 830 0$aPiccola collana moderna ;$v23.$0(OLS)http://semarc/title/7078 830 0$aPiccola collana moderna. Serie sociologica.$0(OLS)http://semarc/title/40313 850 $aSeMil 852 $aSeMil$W1$xVenegono$y1$m3B II 233$j263626$B27727$CSeMilBibl$Z2$F27730 $81 961 $aOmaggio: Oggioni don Costantino 996 $6245$aUna chiesa in analisi :$bi valdesi di fronte al domani$9(OLS)http://semarc/title/96769 996 $6260$aTorino :$bClaudiana$9(OLS)http://semarc/publisher/29837